Flicka, Ricka, Dicka bake a cake / by Maj Lindman.
Available copies
- 2 of 2 copies available at LARL/NWRL Consortium. (Show)
- 2 of 2 copies available at Northwest Regional Library.
Current holds
0 current holds with 2 total copies.
View other formats and editions
Show Only Available Copies
| Location | Call Number / Copy Notes | Barcode | Shelving Location | Status | Due Date |
|---|---|---|---|---|---|
| Karlstad LINK Site | e LIN (Text) | 35500005138928 | Main | Available | - |
| Warroad Public Library | e LIN (Text) | 35500006847345 | Main | Available | - |
Record details
- ISBN: 9780807525067
- ISBN: 0807525065
- Physical Description: 1 v. (unpaged) : col. ill. ; 26 cm.
- Publisher: Chicago : Albert Whitman, 2013.
Content descriptions
| General Note: | Reprint. Originally published: 1955. |
| Summary, etc.: | Three little Swedish sisters bake two cakes for ... Read More |
Search for related items by subject
| Subject: | Baking > Fiction. Sisters > Fiction. Triplets > Fiction. Sweden > Fiction. Baking > Juvenile fiction. Sisters > Juvenile fiction. Triplets > Juvenile fiction. Sweden > Juvenile fiction. |
| LDR | 01511cam a2200385Ia 4500 | ||
|---|---|---|---|
| 001 | 150623 | ||
| 003 | LARL_NWRL_CONSORTIUM | ||
| 005 | 20130312172610.0 | ||
| 008 | 130205r20131955ilua j 000 1 eng d | ||
| 020 | . | ‡a9780807525067 | |
| 020 | . | ‡a0807525065 | |
| 035 | . | ‡a(OCoLC)826708458 | |
| 040 | . | ‡aSINLB ‡cSINLB ‡dCO2 ‡dOCLCO ‡dNRG | |
| 049 | . | ‡aNRGK | |
| 050 | 1 | 4. | ‡aPZ7.L659 ‡bFn 2013 |
| 082 | 0 | 4. | ‡a[E] ‡223 |
| 100 | 1 | . | ‡aLindman, Maj. ‡0(LARL_NWRL_CONSORTIUM)51249 |
| 245 | 1 | 0. | ‡aFlicka, Ricka, Dicka bake a cake / ‡cby Maj Lindman. |
| 260 | . | ‡aChicago : ‡bAlbert Whitman, ‡c2013. | |
| 300 | . | ‡a1 v. (unpaged) : ‡bcol. ill. ; ‡c26 cm. | |
| 500 | . | ‡aReprint. Originally published: 1955. | |
| 520 | . | ‡aThree little Swedish sisters bake two cakes for their mother's birthday surprise, one a burned catastrophe, but the second a golden success. | |
| 650 | 1. | ‡aBaking ‡vFiction. ‡0(LARL_NWRL_CONSORTIUM)168953 | |
| 650 | 1. | ‡aSisters ‡vFiction. ‡0(LARL_NWRL_CONSORTIUM)167281 | |
| 650 | 1. | ‡aTriplets ‡vFiction. | |
| 651 | 1. | ‡aSweden ‡vFiction. ‡0(LARL_NWRL_CONSORTIUM)167389 | |
| 650 | 0. | ‡aBaking ‡vJuvenile fiction. | |
| 650 | 0. | ‡aSisters ‡vJuvenile fiction. ‡0(LARL_NWRL_CONSORTIUM)167228 | |
| 650 | 0. | ‡aTriplets ‡vJuvenile fiction. | |
| 651 | 0. | ‡aSweden ‡vJuvenile fiction. | |
| 994 | . | ‡aC0 ‡bNRG | |
| 901 | . | ‡a150623 ‡bOCLC ‡c150623 ‡tbiblio | |

Add to basket
Permalink
Disable Highlighting